NOVELIS

Bibliographic Details
Main Author: Ebriza Aminnudin (Author)
Format: Book
Published: Shah alam, selangor Grup Buku Karangkraf
Subjects:
LEADER 00691cam a2200217 i 4500
001 0000150721
005 20260406090000.0
008 260406t2020 my # e may
020 |a 9789674980672  |q paperback  |c RM26.00 
040 |a RMC  |b eng  |c RMC  |e rda 
090 0 0 |a FM  |b EBR 
100 1 |a Ebriza Aminnudin  |e author 
245 1 0 |a NOVELIS  |c Ebriza Aminnudin 
264 1 |a Shah alam, selangor  |b Grup Buku Karangkraf 
300 |a 383pages  |c 19cm 
336 |a text  |2 rdacontent 
337 |a unmediated  |2 rdamedia 
338 |a volume  |2 rdacarrier 
650 1 0 |a Malaysian fiction (Malay) 
852 1 |a RMC 
999 |a 0000043594  |b Royal Military College  |d BOOKS  |e Fiksyen (FM)  |f Royal Military College  |j AVAILABLE  |q OLD